História da filosofia : ideias, doutrinas (Registo nº 198808)

Detalhes MARC
000 -Etiqueta do registo
Valores 00910nam 22001693 4500
100 ## - Dados gerais de processamento
Dados gerais 20251104d u||y0pory50 ba
200 ## - Titulo e menção de responsabilidade
Título próprio História da filosofia : ideias, doutrinas
Primeira menção de responsabilidade direcção François Chatelet
210 ## - Publicação
Local de publicação Lisboa
Nome do editor Dom Quixote
Data de publicação 1974-198?
215 ## - Descrição física 
Paginação / Volumes 8 vols.
Outras indicações físicas brochado
Dimensões 21 cm
327 ## - Nota de conteúdo
Texto da nota Volume II : A filosofia medieval do séc I ao séc. XV /A. Abdel-Malek...[et al.]. - 215 p.<br/>Volume III : A filosofia do mundo novo séc. XVI e séc XVII/ Ferdinand Alquié...[ et al.]. - 210, [2] p.<br/>Volume IV : O iluminismo / J. Adamov-Autrusseau...[et al.]. -210, [2] p.<br/>Volume V : A filosofia e a história 1780-1880/ W. Bannour...[et al.]. - 333 p.<br/>Volume VI : A filosofia do mundo cientifico e industrial 1860-1940/ J. Bernhardt...[et al.]. - 237 p.
606 ## - Nome comum usado como assunto
ID Autoridade 32
Palavra de ordem Filosofia
675 ## - CDU
Notação 1
Edição PT
Língua por
801 ## - Fonte de origem
País PT
Agência BMMN
Regras de catalogação RPC
830 ## - Notas gerais do catalogador
Criado por Vanda
990 ## - Elementos KOHA
Tipo de documento Livro
Exemplares
Situação do levantamento Biblioteca de origem Código de barras Cota Permissão de empréstimo Tipo de documento Forma de aquisição
  Biblioteca Municipal de Montemor-o-Novo 27331 1 HIS|DEP vol. 2 (acesso condicionado)   Livro Compra
  Biblioteca Municipal de Montemor-o-Novo 27337 1 HIS|DEP vol. 3 (acesso condicionado)   Livro Compra
  Biblioteca Municipal de Montemor-o-Novo 27338 1 HIS|DEP vol. 4 (acesso condicionado)   Livro Compra
  Biblioteca Municipal de Montemor-o-Novo 27339 1 HIS|DEP vol. 5 (acesso condicionado)   Livro Compra
  Biblioteca Municipal de Montemor-o-Novo 27340 1 HIS|DEP vol. 6 (acesso condicionado)   Livro Compra

Powered by Koha